[Event "Faakersee op 18th"]
[Site "Latschach"]
[Date "2002.08.16"]
[Round "8"]
[White "Praznik, Anton"]
[Black "Wiedermann, Franz"]
[Result "1-0"]
[WhiteElo "2237"]
[BlackElo "2117"]
[PlyCount "95"]
[EventDate "2002.08.??"]
[EventType "swiss"]
[EventRounds "9"]
[EventCountry "AUT"]
[SourceTitle "EXT 2006"]
[Source "ChessBase"]
[SourceDate "2005.11.24"]
[SourceVersion "1"]
[SourceVersionDate "2005.11.24"]
[SourceQuality "1"]

1. e4 d5 2. exd5 Qxd5 3. Nc3 Qa5 4. g3 Nf6 5. Bg2 c6 6. h3 Bf5 7. Nge2 h6 8. 0-0 e6 9. d3 Nbd7 10. Bd2 Qc7 11. Nd4 Bh7 12. Qe2 Bc5 13. Be3 0-0 14. Nb3 Bxe3 15. Qxe3 Nd5 16. Qd2 Rae8 17. Rae1 b6 18. f4 a5 19. a4 Kh8 20. Rf2 Qd6 21. Rfe2 Rd8 22. Nxd5 cxd5 23. Nd4 Qc5 24. c3 g5 25. Kh1 gxf4 26. gxf4 Rg8 27. Nf3 Qf8 28. Ne5 Nc5 29. b4 axb4 30. cxb4 Nxa4 31. Rc1 f6 32. Nc6 Rd6 33. Nd4 Qf7 34. Rce1 Re8 35. f5 e5 36. Qxh6 Nc3 37. Re3 Rg8 38. Ne6 d4 39. Rf3 Nd5 40. Rf2 Ne3 41. Be4 Nd5 42. Bxd5 Rxd5 43. Rff1 Rd6 44. Rg1 Rxg1+ 45. Rxg1 Rxe6 46. fxe6 Qb7+ 47. Kh2 Qe7 48. Ra1 1-0

[Event "Faakersee op 18th"]
[Site "Latschach"]
[Date "2002.08.15"]
[Round "7"]
[White "Wiedermann, Franz"]
[Black "Okhotnik, Vladimir"]
[Result "0-1"]
[WhiteElo "2117"]
[BlackElo "2451"]
[PlyCount "126"]
[EventDate "2002.08.??"]
[EventType "swiss"]
[EventRounds "9"]
[EventCountry "AUT"]
[SourceTitle "EXT 2006"]
[Source "ChessBase"]
[SourceDate "2005.11.24"]
[SourceVersion "1"]
[SourceVersionDate "2005.11.24"]
[SourceQuality "1"]

1. d4 g6 2. c4 Bg7 3. e4 c6 4. Nc3 d5 5. cxd5 cxd5 6. exd5 Nf6 7. Bc4 0-0 8. Nge2 Nbd7 9. Nf4 Nb6 10. Bb3 Bg4 11. f3 Bf5 12. a4 Rc8 13. 0-0 g5 14. Nfe2 h6 15. f4 g4 16. Ng3 Bh7 17. f5 Kh8 18. Bf4 Nbxd5 19. Nxd5 Nxd5 20. Nh5 Nxf4 21. Rxf4 Qd6 22. Qxg4 Bf6 23. Nxf6 Qxf6 24. Re1 Rg8 25. Qf3 Rc7 26. Qe3 Bxf5 27. Bxf7 Qxf7 28. Qe5+ Qg7 29. Rxf5 Rc2 30. g3 Rxb2 31. Rh5 Qxe5 32. Rexe5 Rc8 33. Rc5 Rxc5 34. Rxc5 Kg7 35. Re5 Kf7 36. Rf5+ Ke8 37. g4 Rb4 38. Rd5 Rxa4 39. h4 Ra2 40. g5 hxg5 41. Rxg5 Ra4 42. Rg4 Ra5 43. Kf2 Kf7 44. Ke3 e5 45. dxe5 Rxe5+ 46. Kd4 Ra5 47. Kc3 b6 48. Kb3 Re5 49. Kb4 Kf6 50. Ka4 Rf5 51. Kb4 Ke6 52. Ka4 Kd6 53. Rg7 a5 54. Rh7 Kc6 55. h5 Rf4+ 56. Kb3 Rh4 57. h6 Kb5 58. Rh8 Rh3+ 59. Kc2 Ka4 60. h7 b5 61. Kd2 b4 62. Kc2 Rh2+ 63. Kc1 b3 0-1